|
|
|
|
| LEADER |
02029nam a2200589 i 4500 |
| 001 |
nkc20172958035 |
| 003 |
CZ PrNK |
| 005 |
20180720080006.0 |
| 007 |
ta |
| 008 |
171130s2018 xr a g f 001 0 cze |
| 015 |
|
|
|a cnb002958035
|
| 020 |
|
|
|a 978-80-7549-642-3
|q (vázáno)
|
| 035 |
|
|
|a (OCoLC)1043900638
|
| 040 |
|
|
|a BOA001
|b cze
|d ABA001
|e rda
|
| 041 |
1 |
|
|a cze
|h eng
|
| 072 |
|
7 |
|a 74
|x Kresba. Umělecká řemesla
|2 Konspekt
|9 21
|
| 080 |
|
|
|a 745.9
|2 MRF
|
| 080 |
|
|
|a 581.46
|2 MRF
|
| 080 |
|
|
|a 635.912
|2 MRF
|
| 080 |
|
|
|a (035)
|2 MRF
|
| 080 |
|
|
|a (084.11)
|2 MRF
|
| 100 |
1 |
|
|a Siegfried, Rachel
|7 xx0224164
|4 aut
|
| 240 |
1 |
0 |
|a Flower book.
|l Česky
|
| 245 |
1 |
0 |
|a Kniha květin /
|c Rachel Siegfriedová ; z anglického originálu The flower book ... přeložila Kateřina Knišová
|
| 250 |
|
|
|a Vydání první
|
| 264 |
|
1 |
|a Praha :
|b Euromedia,
|c 2018
|
| 300 |
|
|
|a 224 stran :
|b barevné ilustrace ;
|c 31 cm
|
| 336 |
|
|
|a text
|b txt
|2 rdacontent
|
| 336 |
|
|
|a statický obraz
|b sti
|2 rdacontent
|
| 337 |
|
|
|a bez média
|b n
|2 rdamedia
|
| 338 |
|
|
|a svazek
|b nc
|2 rdacarrier
|
| 490 |
1 |
|
|a Esence
|
| 500 |
|
|
|a Obálkový podnázev: nechte promluvit krásu každého květu : aranžování květin v přirozeném stylu
|
| 500 |
|
|
|a Obsahuje rejstřík
|
| 650 |
0 |
7 |
|a aranžování květin
|7 ph118568
|2 czenas
|
| 650 |
0 |
7 |
|a květy
|7 ph122063
|2 czenas
|
| 650 |
0 |
7 |
|a řezané květiny
|7 ph116897
|2 czenas
|
| 650 |
0 |
9 |
|a flower arrangement
|2 eczenas
|
| 650 |
0 |
9 |
|a flowers
|2 eczenas
|
| 650 |
0 |
9 |
|a cut flowers
|2 eczenas
|
| 655 |
|
7 |
|a příručky
|7 fd133209
|2 czenas
|
| 655 |
|
7 |
|a obrazové publikace
|7 fd132947
|2 czenas
|
| 655 |
|
9 |
|a handbooks and manuals
|2 eczenas
|
| 655 |
|
9 |
|a pictorial works
|2 eczenas
|
| 700 |
1 |
|
|a Knišová, Kateřina
|7 jn20001227415
|4 trl
|
| 830 |
|
0 |
|a Esence
|0 s
|
| 910 |
2 |
|
|a BOA001
|b 4-1409.252
|
| 928 |
9 |
|
|a Euromedia Group
|
| 990 |
|
|
|a BK
|
| 995 |
|
|
|a 01
|
| 991 |
|
|
|b 201805
|c NOV
|
| 996 |
6 |
|
|b 2610744329
|c 4-1409.252
|l MZK
|r Sklad / do 1 hodiny
|n 3
|p p.v.
|w 001665317
|u 000010
|a 1
|e BOA001
|j MZK50
|s P
|